Football - Tous les joueurs de Ligue 1 - 2023/2024 (Sans Yellow Box) - Statistiques

Statistiques générales
  • Ce quiz a été pris 117 fois
  • Le résultat moyen est 163 sur 483
Statistiques - réponses
Club Année naissance Nationalité Poste Joueur % Correct
PSG 2006 France MC Ethan Mbappe
95%
PSG 1998 France AC Kylian Mbappe
95%
PSG 1986 Costa Rica G Keylor Navas
94%
PSG 1999 Italie G Gianluigi Donnarumma
92%
PSG 1994 Brésil DC Marquinhos
91%
PSG 1998 Maroc DD Achraf Hakimi
90%
PSG 2002 Portugal DG Nuno Mendes
88%
PSG 2001 Portugal AC Gonçalo Ramos
87%
PSG 1995 Slovaquie DC Milan Skriniar
87%
PSG 1995 France DC Presnel Kimpembe
87%
PSG 2000 Portugal MC Vitinha
87%
PSG 1996 Espagne MC Fabian Ruiz
86%
PSG 1997 France AD Ousmane Dembele
86%
PSG 1993 Espagne G Sergio Rico
86%
PSG 1997 Espagne MC Carlos Soler
84%
PSG 2001 Uruguay MDC Manuel Ugarte
84%
PSG 2006 France MC Warren Zaïre-Emery
84%
PSG 2002 France AG Bradley Barcola
83%
PSG 1991 Portugal MDC Danilo Pereira
83%
PSG 2003 Bresil DC Lucas Beraldo
82%
PSG 1998 France AC Randal Kolo-Muani
82%
PSG 2001 Espagne G Arnau Tenas
81%
PSG 1993 France G Alexandre Letellier
79%
ASM 1990 France AC Wissam Ben Yedder
79%
FCM 2000 Sénégal DC Aboubacar Lô
78%
PSG 2001 Coréen MOC Lee Kang-In
78%
PSG 1970 Espagne Coach Luis Enrique
77%
PSG 1997 France DD Nordi Mukiele
77%
OM 2001 Brésil AG Luis Henrique
75%
SRFC 1985 France G Steve Mandanda
75%
ASM 1997 Brésil DG Caio Henrique
74%
OL 1994 Brésil DG Henrique
73%
PSG 1996 France DG Lucas Hernandez
73%
OL 1991 France AC Alexandre Lacazette
71%
OM 1994 Espagne G Pau Lopez
71%
OM 1989 Gabon AC Pierre-Emerick Aubameyang
71%
ASM 1995 Japon MOC/AD Takumi Minamino
71%
ASM 1996 Russie MOC Aleksandr Golovin
70%
PSG 1992 France DG Layvin Kurzawa
70%
SRFC 2000 Algérie AC/AG Amine Gouiri
69%
OGCN 1983 Brésil DC Dante
69%
SRFC 1997 France AG Martin Terrier
69%
OM 1997 Maroc MOC Amine Harit
68%
OL 1990 Portugal G Anthony Lopes
68%
SRFC 2000 Belgique DC Arthur Theate
68%
RCL 1994 France G Brice Samba
68%
OM 1992 France DD Jonathan Clauss
68%
ASM 1997 Suisse AC Breel Embolo
66%
OM 1994 RDC DC Chancel Mbemba
66%
LOSC 2000 Canada AC Jonathan David
66%
LOSC 2001 France G Lucas Chevalier
66%
OL 2005 Beglique AD/BU Malick Fofana
66%
ASM 1999 France MC Youssouf Fofana
66%
OM 1998 Sénégal AD Ismaïla Sarr
65%
OM 1993 France MC Jordan Veretout
65%
SRFC 1994 France MC Benjamin Bourigeaud
64%
OM 1999 Argentine DC Leo Balerdi
64%
ASM 1996 Suisse MDC Denis Zakaria
62%
ASM 2001 Etats-Unis AC Florian Balogun
62%
PSG 1996 Espagne AD Marco Asensio
62%
OM 2000 Maroc MC Azzedine Ounahi
61%
OL 1994 France MC Corentin Tolisso
61%
OGCN 1994 France AC Gaetan Laborde
61%
ASM 1994 Chili DC Guillermo Maripan
61%
FCM 2004 Sénégal MC Lamine Camara
61%
SB29 1998 France MC/MOC Mahdi Camara
61%
ASM 2000 Mali MDC Mohamed Camara
61%
OGCN 1999 Nigéria AC Terem Moffi
60%
OM 1994 France MC Valentin Rongier
60%
LOSC 1990 France MDC Benjamin André
58%
OGCN 1999 Pologne G Marcin Bulka
58%
SRFC 2005 France MC/MOC Désire Doue
57%
ASM 2005 Maroc MOC/AG Eliesse Ben Seghir
57%
RCL 2003 France AC Elye Wahi
57%
RCL 1990 France AC Florian Sotoca
57%
SRFC 2002 Cote d'Ivoire DD Guela Doue
57%
OL 2000 France MC Maxence Caqueret
57%
OL 1988 Serbie MDC Nemanja Matic
57%
OM 1993 France DC Samuel Gigot
57%
OM 2000 Sénégal AC/2nd Iliman Ndiaye
56%
CF63 2001 Sénégal G Nassamba N'Diaye
56%
RCL 1995 Pologne DD/DG Przemyslaw Frankowski
56%
HAC 2001 Sénégal MC Rassoul Ndiaye
56%
OL 2003 France MOC Ryan Cherki
56%
OL 1995 Algérie AG Saïd Benrahma
56%
LOSC 2000 Angleterre MC/MOC Angel Gomes
55%
OL 1989 Croatie DC Dejan Lovren
55%
OL 1996 Croatie DC Duje Caleta-Car
55%
RCL 1999 Argentine DC Facundo Medina
55%
SRFC 1997 France MOC Ludovic Blas
55%
SRFC 2002 France AC Arnaud Kalimuendo
53%
LOSC 1999 Kosovo AD Edon Zhegrova
53%
OGCN 1999 France DC Jean-Clair Todibo
53%
SDR 1992 Japon AD Junya Ito
53%
RCL 1998 Autriche DC Kevin Danso
53%
ASM 1999 Sénégal AD Krepin Diatta
53%
OL 1992 Argentine DG Nicolas Tagliafico
53%
MHSC 1991 France MOC Taji Savanier
53%
SRFC 2001 France DG Adrien Truffert
52%
FCN 1999 France G Albant Lafont
52%
FCM 1996 Cameroun AG Didier Lamkel Zé
52%
OM 1993 Centrafrique MDC Geoffrey Kondogbia
52%
OL 2001 Irlande DC Jake O'Brien
52%
OM 1953 France Coach Jean-Louis Gasset
52%
LOSC 2005 France DC Leny Yoro
52%
PSG 2006 France MOC Senny Mayulu
52%
LOSC 1997 Turquie MOC Yusuf Yazici
52%
ASM 1970 Autriche Coach Adi Hütter
51%
SRFC 1995 France MDC Baptiste Santamaria
51%
OM 1994 Argentine AC/2nd Joaquin Correa
51%
OM 1999 Sénégal MDC Pape Gueye
51%
ASM 1996 Allemagne DC Thilo Kehrer
51%
ASM 2001 Brésil DD Vanderson
51%
OGCN 2000 Sénégal AG Aliou Baldé
49%
OL 1992 Angola DC/DD Clinton Mata
49%
RCL 1971 France Coach Franck Haise
49%
RCL 2003 France AC Ibrahima Baldé
49%
OL 1995 Guinée-Bissau AC Mama Baldé
49%
FCN 1997 Egypte AC Mostafa Mohamed
49%
OL 1979 France Coach Pierre Sage
49%
RCL 1993 France MOC Adrien Thomasson
48%
OGCN 2004 France DD Antoine Mendy
48%
FCL 1994 France DG Benjamin Mendy
48%
FCL 2001 Sénégal DC Formose Mendy
48%
RCSA 1987 France AC Kevin Gameiro
48%
OGCN 2000 France DG Melvin Bard
48%
FCN 1995 Nigéria AG Moses Simon
48%
RCL 1992 Sénégal MDC Nampalys Mendy
48%
SB29 1993 France MDC Pierre Lees-Melou
48%
SRFC 1980 France Coach Julien Stéphan
47%
SDR 2002 Japon AG Keita Nakamura
47%
ASM 1999 Ghana DC Mohammed Salisu
47%
OM 2002 France DG Quentin Merlin
47%
ASM 2000 Cote d'Ivoire DD/DC Wilfried Singo
47%
SDR 1992 Belgique Coach Will Still
47%
OM 1996 Panama DD Amir Murillo
45%
MHSC 1991 France G Benjamin Lecomte
45%
SRFC 2000 France MC/MOC Enzo Le Fée
45%
FCM 2000 Géorgie AC Georges Mikautadze
45%
OGCN 1997 Cote d'Ivoire AG Jeremie Boga
45%
RCL 1992 France DC Jonathan Gradit
45%
SB29 1991 Pays-Bas G Marco Bizot
45%
LOSC 1994 Algérie MDC Nabil Bentaleb
45%
ASM 1998 Allemagne G Philipp Köhn
45%
LOSC 1990 France MOC Remy Cabella
45%
HAC 1994 Guinee MDC Abdoulaye Toure
44%
RCSA 2004 Brésil MC Andrey Santos
44%
OL 2003 Ghana AD Ernest Nuamah
44%
OL 2002 Nigéria AC Gift Orban
44%
TFC 2005 France G Guillaume Restes
44%
FCL 2003 France DC Isaak Touré
44%
ASM 2002 France MOC Magnes Akliouche
44%
FCN 1987 France DC Nicolas Pallois
44%
LOSC 1973 Portugal Coach Paulo Fonseca
44%
RCL 2001 Portugal MOC Pereira Da Costa
44%
LOSC 2002 Brésil DD Tiago Santos
44%
OL 1997 Angleterre DD/MD Ainsley Maitland-Niles
43%
LOSC 2001 France DC Bafode Diakité
43%
FCN 2002 Cote d'Ivoire AD Bénie Traore
43%
OGCN 2006 France MC Daouda Traoré
43%
ASM 2004 France MC Edan Diop
43%
SRFC 2001 Maroc AG Ibrahim Salah
43%
FCM 1986 Cote d'Ivoire DC Ismael Traore
43%
RCL 1985 France G Jean-Louis Leca
43%
OGCN 2001 France MC Képhren Thuram
43%
SDR 2003 Cote d'Ivoire AC Oumar Diakite
43%
OGCN 2002 Maroc AG/MOC Sofiane Diop
43%
SRFC 2001 Cameroun DC Christopher Wooh
42%
OM 2000 Cameroun AC Faris Moumbagna
42%
RCSA 2004 France MC/MOC Habib Diarra
42%
SB29 1990 France MDC Jonas Martin
42%
OL 1997 Brésil G Lucas Perri
42%
CF63 1993 Sénégal G Mory Diaw
42%
TFC 2000 Mali DC Moussa Diarra
42%
SRFC 2000 France DC Warmed Omari
42%
LOSC 1996 Algérie AD Adam Ounas
40%
OM 1996 Suisse DG Ulisses Garcia
40%
HAC 1989 Ghana AC/AG André Ayew
39%
RCL 1993 Colombie DG Deiver Machado
39%
SB29 1967 France Coach Eric Le Roy
39%
LOSC 1999 Islande DG Gabriel Gudmundsson
39%
SRFC 1993 France G Gauthier Gallon
39%
LOSC 1990 Brésil DG Ismaily
39%
OGCN 2004 France AG/AD Mohamed-Ali Cho
39%
OGCN 1994 France MC Morgan Sanson
39%
OGCN 1997 Pays-Bas MDC Pablo Rosario
39%
ASM 1999 Pologne G Radoslaw Majecki
39%
SB29 1996 France AD Romain Del Castillo
39%
OM 1995 Argentine G Ruben Blanco
39%
OL 2001 Cote d'Ivoire DC Sinaly Diomandé
39%
TFC 2000 Pays-Bas AC Thjis Dallinga
39%
FCL 1994 Suisse G Yvon Mvogo
39%
RCL 2003 France MC Andy Diouf
38%
FCN 1963 France Coach Antoine Kombouare
38%
LOSC 2003 Islande AG Hakan Haraldsson
38%
RCSA 1997 Mali MDC Ibrahima Sissoko
38%
RCL 1992 Mali DC/DG Massadio Haïdara
38%
FCN 1989 France MC Moussa Sissoko
38%
RCL 1995 France AC Wesley Saïd
38%
SDR 1999 France G Yehvann Diouf
38%
SDR 1987 Maroc DC Yunis Abdelhamid
38%
OGCN 1999 Algérie MC Hicham Boudaoui
36%
OM 2000 Cameroun MDC Jean Onana
36%
SRFC 2005 France DC/DG Jeanuel Belocian
36%
CF63 1988 France MDC Johan Gastien
36%
OL 1998 Belgique MC Orel Mangala
36%
CF63 1963 France Coach Pascal Gastien
36%
RCL 1996 France MOC Angelo Fulgini
35%
OL 2002 France MDC Johann Lepenant
35%
SB29 1994 France DG Jordan Amavi
35%
OGCN 1998 Suisse DD Jordan Lotomba
35%
SB29 1994 Benin AC Steve Mounie
35%
MHSC 1991 Tunisie AG/MOC Wabhi Khazri
35%
LOSC 1999 Brésil DC Alexsandro
34%
SRFC 1998 Pays-Bas MDC Azor Matusiwa
34%
HAC 2004 France DG Cheick Doumbia
34%
SB29 2003 Mali MOC/MG Kamory Doumbia
34%
HAC 1996 Guinée AC Mohammed Bayo
34%
RSCA 1976 France Coach Patrick Vieira
34%
RCL 1993 France DD Ruben Aguilar
34%
RCL 2000 Ghana MDC Salis Abdul Samed
34%
LOSC 1993 France DC Samuel Umtiti
34%
SDR 1993 Malte MC Teddy Teuma
34%
SRFC 2000 Ghana DC/DD Alidu Seidu
32%
FCL 2000 Sénégal AC Bamba Dieng
32%
SB29 2002 France DG Bradley Locko
32%
SB29 1994 France DC Brendan Chardonnet
32%
SRFC 2002 Suisse MC/MOC Fabian Rieder
32%
FCN 1994 France AD Kader Bamba
32%
SB29 1999 France DC Lilian Brassier
32%
SB29 2001 Argentine AC Martin Satriano
32%
MHSC 1963 Arménie Coach Michel Der Zakarian
32%
FCL 2001 Cote d'Ivoire AC Mohamed Bamba
32%
OL 2005 France DD Saël Kumbedi
32%
FCN 1996 Zimbabwe AC Tino Kadewere
32%
FCM 2004 Sénégal AG Pape Amadou Diallo
31%
FCL 1976 France Coach Régis Le Bris
31%
FCL 2002 France DG/MG Théo Le Bris
31%
ASM 2003 France G Yann Lienard
31%
FCM 1988 Algérie G Alexandre Oukidja
30%
MHSC 2001 France MDC Joris Chotard
30%
FCN 2003 France AC Matthis Abline
30%
OGCN 2001 France AC Evan Guessand
29%
FCN 1991 France MOC Florent Mollet
29%
OGCN 1989 Italie Coach Francesco Farioli
29%
RCSA 1994 France DD/DG Frederic Guilbert
29%
FCN 1995 Cameroun DC Jean-Charles Castelletto
29%
MHSC 1992 France MDC/MC Jordan Ferri
29%
SDR 2000 Danemark AG Mohamed Daramy
29%
FCN 1997 Espagne MDC Pedro Chirivella
29%
TFC 1997 Danemark DC Ramus Nicolaisen
29%
RCSA 2002 Cote d'Ivoire DC Abakar Sylla
27%
FCL 1993 Sénégal G Alfred Gomis
27%
RCSA 2002 France AD Dilane Bakwa
27%
RCSA 2003 Pays-Bas AC Emanuel Emegha
27%
SB29 1998 France MC Hugo Magnetti
27%
ASM 1999 Sénégal DG Ismail Jakobs
27%
MHSC 1994 Guinée DG Issiaga Sylla
27%
CF63 1993 Angola AG Jeremie Bela
27%
RCL 1994 France DD/MD Jimmy Cabot
27%
TFC 2001 Cap-Vert DC Logan Costa
27%
SDR 1996 Zimbabwe MC Marshall Munetsi
27%
FCN 2005 France DC Nathan Zeze
27%
SDR 1994 Belgique DG Thomas Foket
27%
RCL 2004 Ouzbekistan DC Abdukodir Khusanov
26%
MHSC 2000 Nigéria AC Akor Adams
26%
OM 2001 Cote d'Ivoire DC Bamo Meïte
26%
FCL 2006 France MOC Eli Junior Kroupi
26%
FCL 1993 France MDC Laurent Abergel
26%
RCSA 1998 France DC Lucas Perrin
26%
HAC 1982 Slovénie Coach Luka Elsner
26%
SB29 1996 France MC/MOC Mathias Pereira Lage
26%
MHSC 1997 Jordinie AD Moussa Al-Tamari
26%
LOSC 1988 Italie G Vito Mannone
26%
TFC 2000 Maroc AD Zakaria Aboukhlal
26%
MHSC 1998 France AD Arnaud Nordin
25%
HAC 1994 France G Arthur Desmas
25%
SRFC 2002 Turquie AC Bertug Yildirim
25%
TFC 1997 Chili DG Gabriel Suazo
25%
SB29 1998 France AG Jérémy Le Douaron
25%
RCSA 1996 Afrique du Sud AC Lebo Mothiba
25%
OGCN 1993 France G Maxime Dupe
25%
CF63 1989 France MDC Maxime Gonalons
25%
CF63 2000 Autriche MOC/AD Muhammed Cham
25%
RCL 2001 Maroc MC Neil El Aynaoui
25%
OGCN 1997 France DG Romain Perraud
25%
ASM 2003 France DC Soungoutou Magassa
25%
RCSA 2004 Brésil AD Angelo
23%
OM 2003 Maroc MC Bilal Nadir
23%
OM 2005 Angleterre DG/MG Emran Soglo
23%
RCL 2002 Equateur DG Jhoanner Chavez
23%
SB29 1997 France DD/DC Julien Le Cardinal
23%
ASM 2004 France DG Kassoum Ouattara
23%
OL 2004 France MC Mohamed El-Arouch
23%
RCL 1998 Guinée AC Morgan Guilavogui
23%
FCN 1996 France G Remy Descamps
23%
OGCN 1998 Burundi MDC Youssouf Ndayishimiye
23%
LOSC 2007 France MC Ayyoub Bouaddi
22%
SB29 2000 Algérie AD Bilal Brahimi
22%
MHSC 1998 RDC G Dimitry Bertaud
22%
TFC 1995 Suisse MC Valentin Sierro
22%
SDR 2002 Maroc MC Amir Richardson
21%
TFC 1998 Norvège AD Aron Donnum
21%
FCL 2004 Algérie AD Badredine Bouanani
21%
SB29 1991 France DD Kenny Lala
21%
FCL 1998 Tunisie DC Montassar Talbi
21%
SDR 1998 Belgique DD Thibault De Smet
21%
OL 1998 Brésil DC Adryelson
19%
RCSA 2002 Maroc G Alaa Bellaarouch
19%
TFC 2000 Espagne MOC/MG Cesar Gelabert
19%
TFC 2005 France DC Christian Mawissa
19%
MHSC 1995 Mali DD Falaye Sacko
19%
LOSC 1993 Portugal AG Ivan Cavaleiro
19%
SRFC 2005 France AC Mathis Lambourde
19%
TFC 1996 Pays-Bas MDC Stijn Spiering
19%
LOSC 2000 Serbie AC Andrej Ilic
18%
SDR 1997 Cote d'Ivoire DC Emmanuel Agbadou
18%
FCL 1996 Brésil DD Igor Silva
18%
RCSA 2003 France DC Ismael Doukouré
18%
FCN 1997 Haïti DC Jean-Kevin Duverne
18%
FCL 2000 France MOC Julien Ponceau
18%
RCSA 2003 France MDC Junior Mwanga
18%
FCN 1996 Guadeloupe AD Marcus Coco
18%
OM 2003 Cameroun G Simon Ngapandouetnbu
18%
RCSA 1992 France DD Thomas Delaine
18%
FCL 1994 France MDC Tiemoué Bakayoko
18%
CF63 2003 France AC Alan Virginius
17%
SDR 2005 Cote d'Ivoire MOC Amadou Kone
17%
HAC 2002 Sénégal DC Arouna Sangante
17%
TFC 2000 Vénézuela MC Crisitan Casseres
17%
FCN 1998 Suisse DC Eray Comert
17%
HAC 1995 France DC Gauthier Lloris
17%
CF63 2002 Mali MC Habib Keïta
17%
FCN 1999 Cameroun AC Ignatus Ganago
17%
SDR 1997 Kenya DC Joseph Okumu
17%
MHSC 1997 Mali DC Kiki Kouyate
17%
FCM 1953 Roumanie Coach Laszlo Boloni
17%
OL 2005 France MC Mahamadou Diawara
17%
OL 1997 Cote d'Ivoire MDC Paul Akouokou
17%
LOSC 2002 Portugal DC Rafael Fernandes
17%
MHSC 2001 France AG Tanguy Coulibaly
17%
RCSA 2001 Haïti G Alexandre Pierre
16%
OGCN 2001 France MDC Alexis Beka Beka
16%
OGCN 1998 France MOC Alexis Claude-Maurice
16%
SB29 2003 France MG Axel Camblan
16%
FCN 2006 France DC Bastien Meupiyou
16%
CF63 2002 France DC Chrislain Matsima
16%
FCM 1992 Martinique DC Christophe Hérelle
16%
MHSC 1993 France DC Christopher Jullien
16%
TFC 1999 Australie MOC Denis Genreau
16%
CF63 1993 Kosovo AG Elbasan Rashani
16%
FCM 1996 France DG Mathieu Udol
16%
TFC 1995 Danemark DD Mikkel Desler
16%
FCN 1999 France DG Nicolas Cozza
16%
SDR 2001 Allemagne MOC Rada Khadra
16%
FCN 1996 RDC MC Samuel Moutoussamy
16%
RCSA 2002 Guinée DC Seydou Sow
16%
LOSC 1997 Slovaquie G Adam Jakubech
14%
MHSC 2002 Suisse DC Becir Omeragic
14%
SDR 1990 France MDC Benjamin Stambouli
14%
TFC 1984 Espagne Coach Carles Martinez
14%
HAC 1997 Cote d'Ivoire DG Christopher Operi
14%
TFC 1999 France AC/MOC Frank Magri
14%
FCL 1997 RDC DD Gedeon Kalulu
14%
CF63 1995 France AC Grejohn Kyei
14%
LOSC 2003 Argentine MDC Ignacio Miramon
14%
FCL 1993 France DC Julien Laporte
14%
MHSC 2000 France MC Léo Leroy
14%
CF63 1992 Algérie DD Mehdi Zeffane
14%
TFC 1998 Allemagne MC Niklas Schmidt
14%
SDR 1997 Espagne DD Sergio Akieme
14%
OGCN 2003 France MC Tom Louchet
14%
RCL 2001 Comores G Yannick Pandor
14%
SB29 1999 France AG Adrien Lebeau
13%
TFC 1998 Espagne G Alex Dominguez
13%
RCL 2005 Belgique MOC Ayanda Sishuba
13%
CF63 2004 Mali DD Cheick Oumar Konate
13%
FCN 1888 Slovenie G Denis Petric
13%
FCN 1997 Brésil MC Douglas Augusto
13%
SRFC 1988 France G Geoffrey Lembet
13%
FCL 1999 Maroc MC Imran Louza
13%
RCSA 1994 Cote d'Ivoire MC Jean-Eudes Aholou
13%
CF63 1995 Gabon AD Jim Allevinah
13%
SRFC 2005 Cameroun DG Mahamadou Nagida
13%
CF63 1996 Brésil DG Neto Borges
13%
HAC 2002 Maroc MC Oussama Targhalline
13%
TFC 2000 Norvège DD Warren Kamanzi
13%
FCL 1998 Benin AC Aiyegun Tosin
12%
HAC 2003 France AC/AG Antoine Joujou
12%
HAC 1993 Russie MC Daler Kuzyaev
12%
MHSC 2002 Cameroun DD Enzo Tchato
12%
CF63 2005 France DC Jeremy Jacquet
12%
HAC 2001 Guadeloupe AD Josué Casimir
12%
SDR 1983 France G Ludovic Butelle
12%
CF62 1997 Belgique DC Maximiliano Caufriez
12%
MHSC 1999 Mali DC Modibo Sagnan
12%
LOSC 2003 Portugal AG Tiago Morais
12%
FCM 2003 France MC Arthur Atta
10%
FCL 2000 Cameroun DG Darlin Yongwa
10%
FCM 2005 Sénégal AC Ibou Sané
10%
RCSA 1998 France MC Jessy Deminguet
10%
MHSC 2004 France MOC/MG Khalil Fayad
10%
HAC 1991 Bulgarie DD Loic Nego
10%
SB29 2005 Cote d'Ivoire DD Luck Zogbe
10%
FCM 1994 France G Marc-Aurèle Caillard
10%
HAC 1990 France G Mathieu Gorgelin
10%
SDR 1999 Belgique DG Maxime Busi
10%
RCSA 2001 Cote d'Ivoire AC Moïse Sahi Dion
10%
TFC 2002 Finlande MOC Naatan Skytta
10%
FCL 2002 Ghana DC Nathaniel Adjei
10%
FCL 2001 Grèce DD Panos Katseris
10%
FCM 2004 Sénégal DC Sadibou Sané
10%
MHSC 1997 Suisse DD Silvan Hefti
10%
HAC 2002 Maroc MC Yassine Kechta
10%
HAC 1992 Guyane DC Yoann Salmier
10%
CF63 1997 France MDC Yohann Magnin
10%
FCM 1998 Gambie AD Ablie Jallow
9%
SDR 1993 France G Alexandre Olliero
9%
SDR 2004 Gambie AC Amada Bojang
9%
FCL 2004 France MC Ayman Kari
9%
HAC 1997 Etats-Unis AG/BU Emmanuel Sabbi
9%
TFC 2003 Pays-Bas AG Ibrahim Cissoko
9%
OL 2005 France G Justin Bengui Joao
9%
TFC 2004 Cameroun DC Kevin Keben
9%
CF63 1995 Serbie AC Kommen Andric
9%
FCM 2004 Sénégal AD Malick Mbaye
9%
SDR 2005 France AG Mamadou Diakhon
9%
RCSA 2001 France DG Marvin Senaya
9%
HAC 1996 France AD Samuel Grandsir
9%
CF63 1997 Jamaïque AC Shamar Nicholson
9%
OGCN 2001 Algérie G Teddy Boulhendi
9%
SDR 2005 France MDC Valentin Atanga
9%
CF63 2000 France DC Andy Pelmard
8%
MHSC 2001 Bosnie G Belmin Dizdarevic
8%
FCL 1996 Nigéria MDC/MC Bonke Innocent
8%
FCM 2000 Haïti MDC Danley Jean Jacques
8%
CF63 1989 France DC Florent Ogier
8%
FCL 1998 France MC Jean-Victor Makengo
8%
FCM 1999 Suède AD/AC Joel Asoro
8%
RCSA 1998 Pologne DG Karol Fila
8%
FCN 1998 France DD Kelvin Amian
8%
FCM 1996 France MDC Kévin N'Doram
8%
RCSA 1989 France G Mathieu Dreyer
8%
MHSC 1998 France DG Theo Sainte-Luce
8%
SB29 1994 France G Yan Marillat
8%
OGCN 2007 France DC Amidou Doumbouya
6%
SB29 2004 France DG Antonin Cartillier
6%
HAC 2002 France DC Etienne Youté Kinkoué
6%
FCM 1996 Algérie DD Kevin Van Den Kerkhof
6%
FCM 1991 France DD Maxime Colin
6%
FCL 1997 France MOC Quentin Boisgard
6%
TFC 2000 Gabon AD/AC Shavy Babicka
6%
FCN 2004 France AG/AD Stedair Appuah
6%
RCSA 2005 France DC Steven Baseya
6%
SDR 2004 France DG Théodore Koudou
6%
MHSC 1998 France AG/BU Yann Karamoh
6%
CF63 1998 France DG Yoel Armougom
6%
CF63 1998 France AD Bilal Boutobba
5%
FCM 1999 Sénégal AG Cheick Sabaly
5%
FCL 2000 Centrafrique G Dominique Youfeigane
5%
FCM 1998 Bénin DC Fali Candé
5%
FCM 2001 France G Guillaume Dietsch
5%
TFC 2003 France G Justin Lacombe
5%
FCM 1998 Cote d'Ivoire DD Koffi Kouao
5%
MHSC 2004 France DG Lucas Mincarelli
5%
HAC 1991 Maroc DD Oualis El Hajjam
5%
TFC 2001 France G Thomas Himeur
5%
FCM 1998 Congo MDC Warren Tchimbembé
5%
TFC 2005 France DG Ylies Aradj
5%
HAC 1996 France MDC Aloïs Confais
4%
FCM 1997 Ghana AC Benjamin Tetteh
4%
FCM 2004 France MC Joseph Nduquidi
4%
FCL 2001 France DC Loris Mouyokolo
4%
FCM 2002 Algérie AG Maïdine Douane
4%
MHSC 2002 France MC/MOC Sacha Delaye
4%
CF63 2002 France G Théo Borne
4%
HAC 2004 France AC Andy Logbo
3%
RCL 2004 France MOC Nolan Bonte
3%
HAC 2005 France AC Steve Ngoura
3%
OGCN 2004 France DC Yanis Nahounou
3%
OGCN 1996 France DD Valentin Rozier
1%
SB29 1999 France G Grégoire Coudret
0%
TFC 2001 France MOC Yann Ghobo
0%
Aucun quiz correspondant
Distribution des résultats
% des personnes avec chaque résultat
Percentile par nombre de réponses
Votre historique - résultats
Vous n’avez pas pris ce quiz